• 首页
  • 本馆介绍
  • 公告通知
  • 最新文献
  • 馆藏检索
  • 电子资源
  • 读者导购
  • 参考咨询
  • 我的图书馆
  • 登录
  • 详细信息显示
  • 放入我的书架
  • 预约/预借图书
  • 作者相关作品
  • 分类相关作品
  • 丛书相关作品
  • 出版社相关作品

书目信息

  • 表格格式
  • 工作单格式
  • 卡片格式
题名:
火山和地震
    
 
作者: 鲁宾 编著 ;代世平 译
分册:  
出版信息: 昆明   晨光出版社  2016.07
页数: 64页
开本: 27cm
丛书名: UTOP权威探秘百科
单 册:
中图分类:
科图分类:
主题词: 火山--少年读物 , 地震--少年读物 , 岩石--物理学 , 固体地球物理学
电子资源:
ISBN: 978-7-5414-8226-7
000 01219nam 2200397 450
001 2354986919
005 20231123070450.26
010    @a978-7-5414-8226-7@dCNY24.80
100    @a20170316d2016 cemy0chiy50 ea
101 1  @achi@ceng
102    @aCN@b530000
105    @aa z 001yy
106    @ar
200 1  @a火山和地震@e地下奇谜探秘@f(美) 肯·鲁宾编著@g代世平译
210    @a昆明@c晨光出版社@d2016.07
215    @a64页@c彩图@d27cm
225 2  @aUTOP权威探秘百科@e经典普及版
225 2  @aUTOP禹田·科普馆
312    @a英文题名取自版权页
314    @a肯·鲁宾, 美国火山学和地球化学家。
320    @a有索引
330    @a本书共分为介绍、聚焦、参考三部分, 主要内容包括: 地表之下、地下之火、颤抖的大地、著名火山、大地震等。
410  0 @12001 @aUTOP权威探秘百科 (经典普及版)
410  0 @12001 @aUTOP禹田·科普馆
500 10 @aVolcanoes and earthquakes@mChinese
517 1  @a地下奇谜探秘
606 0  @a火山@j少年读物
606 0  @a地震@j少年读物
606 0  @a岩石@x物理学
606 0  @a固体地球物理学
690    @a@v5
690    @aP317-49@v4
701  1 @a鲁宾@g(Robin, Ken)@4编著
702  0 @a代世平@4译
801  0 @aCN@b安徽时代出版发行有限公司@c20170316
905    @dP317-49@e187
    
    火山和地震:地下奇谜探秘/(美) 肯·鲁宾编著/代世平译.-昆明:晨光出版社,2016.07
    64页:彩图;27cm.-(UTOP权威探秘百科:经典普及版).-(UTOP禹田·科普馆)
    
    
    ISBN 978-7-5414-8226-7:CNY24.80
    本书共分为介绍、聚焦、参考三部分, 主要内容包括: 地表之下、地下之火、颤抖的大地、著名火山、大地震等。
●
相关链接 在E读中查询图书 在五车中查询图书 在当当中查询图书 在豆瓣中查询图书


正题名:火山和地震     索取号:P317-49/187         预约/预借

序号 登录号 条形码 馆藏地/架位号 状态 备注
1 1411165   214111655   第二样本阅览室/ [索取号:P317-49/187] 在馆    
2 1411166   214111664   第三借阅区/ [索取号:P317-49/187] 在馆    
3 1411167   214111673   第三借阅区/ [索取号:P317-49/187] 在馆    
4 1411168   214111682   第三借阅区/ [索取号:P317-49/187] 在馆    
5 1411169   214111691   第三借阅区/ [索取号:P317-49/187] 在馆    
唐山师范学院图书馆 欢迎您!
大连网信软件有限公司© 版权所有